000 00600nam a22001937a 4500
999 _c2642
_d2642
003 AR-CdUCM
008 190305b ||||| |||| 00| 0 spa d
040 _aMUNICIPALIDAD PROVINCIAL DEL CUSCO
_cBIBLIOTECA MUNICIPAL DEL CUSCO
082 _22ed.
_a800.8 /
_bS47
100 _aShipp, Horacio
_99288
245 _aLibros que han movido al mundo /
260 _aMéxico :
_bCompañia general de ediciones,
_c1959.
300 _a180 páginas ;
_c20 cm.
440 _aIdeas, letras y vida
_99289
650 _aRepública de Platón
_99290
650 _aRelatos
_9195
942 _2ddc
_cLIBROS
945 _aafb